01378nam a2200289 a 450000100100000000500170001000800410002702000150006804000250008308200210010810000410012924501580017026000500032830000360037849000450041450000740045950400320053359000270056560000410059265100640063365100620069770000370075983000540079691000370085095201840088799900170107100004525320240302073957.0150218s2005 dr ac 000 0bspa d a9993454184 aDO-SdBNPbspacBNPHU a923.57293bG633v1 aGómez, Máximo,d1836-190591224910aVida y escritos :bestudio introductorio selección y notas de Francisco Pérez Guzmán /cMáximo Gómez ; coordinación general Jorge Tena Reyes. aSanto Domingo :bFundación Corripio,c2005. a402 p. :bil., retrs. ;c23 cm.1 aBiblioteca de clásicos dominicanosv40 aIncluye referencias bibliográficas y notas al pie de las páginas. aBibliografía : p. 393-395 aInventariado, 2019/MFF10aGómez, Máximo,d1836-1905912249 4aCubaxHistoriayGUERRA DE LOS DIEZ AÑOS, 1868-1878911018 4aCubaxHistoriayGUERRA DE INDEPENDENCIA, 1895-189891101912aTena Reyes, Jorge,ecoord.98252 0aBiblioteca de clásicos dominicanos ;v40921767 aValidado. Control de calidad MFF 0010718PDaPDbPDcHDd2015-02-18iLF1l0o923.57293 G633vp45253-10r2020-06-25w2020-06-25yLFPDzPerteneció a la biblioteca personal del Dr. Guaroa Ginebra H.ZNo se presta c44742d44742